000 00438nam a2200181Ia 4500
001 12942
005 20260306163017.0
008 260306t2011||||xx |||||||||||||| ||spa||
041 _aESP
082 _aRD 483
_bG24
100 _aGarcía Santos, Amado Ángel
_eAUT
245 0 _aDiccionario del griego bíblico
260 _c2011
300 _a936 páginas :
_c24 cm.
650 _aGEN
654 _aCHU
942 _cDIC
_dJUS
_fJUS
_2ddc
_n
999 _c12942
_d12942